书目信息 |
| 题名: |
入党
|
|
| 作者: | 谢春涛 主编 | |
| 分册: | ||
| 出版信息: | 成都 四川人民出版社 2016.07 |
|
| 页数: | 341页 | |
| 开本: | 20cm | |
| 丛书名: | ||
| 单 册: | ||
| 中图分类: | D263 | |
| 科图分类: | ||
| 主题词: | 中国共产党 | |
| 电子资源: | ||
| ISBN: | 7-220-09895-2 | |
| 000 | 00627nam0 2200205 450 | |
| 001 | 2633523778 | |
| 005 | 20260413092236.00 | |
| 010 | @a7-220-09895-2@dCNY45.00 | |
| 100 | @a20260413d2016 km y0chiy0120 ea | |
| 101 | 0 | @achi |
| 102 | @aCN@b510000 | |
| 200 | 1 | @a入党@ARu Dang@e40个人的信仰选择@f谢春涛主编@FXie Chun Tao Zhu Bian |
| 210 | @a成都@c四川人民出版社@d2016.07 | |
| 215 | @a341页@d20cm | |
| 517 | 1 | @a40个人的信仰选择@A40 Ge Ren De Xin Yang Xuan Ze |
| 606 | 0 | @a中国共产党 |
| 690 | @aD263@v4 | |
| 701 | 0 | @a谢春涛@AXie Chun Tao@4主编 |
| 801 | 0 | @aCN@b大连网信软件有限公司图书馆·11@c20260413 |
| 905 | @aZUCC@dD263@eZW1 | |
| 入党:40个人的信仰选择/谢春涛主编.-成都:四川人民出版社,2016.07 |
| 341页;20cm |
| ISBN 7-220-09895-2:CNY45.00 |
| ● |
| 相关链接 |
|
|
|
|
正题名:入党
索取号:D263/ZW1
 
预约/预借
| 序号 | 登录号 | 条形码 | 馆藏地/架位号 | 状态 | 备注 |
| 1 | 6606066 | 266060665 | 密集书库-文学院/ [索取号:D263/ZW1] | 在馆 |